LEADER 00722naa a2200157 i 4500 001 000000294547 003 CaOOAMICUS 005 20180831172509.0 008 180831n xx u000 u und u 013 $a1825 040 $aSeMil$bita 100 1 $aRouco Varela, Antonio María .$0(OLS)http://semarc/name/38820 245 10$aEl Derecho Canónico al servicio de la comunión eclesial. 650 4$aDiritto canonico - Ecclesiologia.$0(OLS)http://semarc/subject/38769 773 0 $tIus in vita et in missione Ecclesiae.$dCittà del Vaticano : Libreria Editrice Vaticana, 1994.$z88-209-1963-X$gp.133-155$w()44083 996 $6245$aEl Derecho Canónico al servicio de la comunión eclesial$9(OLS)http://semarc/title/370632 LEADER 00679naa a2200145 i 4500 001 000000295436 003 CaOOAMICUS 005 20180831172525.0 008 180831n xx u000 u und u 013 $a2731 040 $aSeMil$bita 100 1 $aJacob, Christoph.$0(OLS)http://semarc/name/18454 245 10$aZum hermeneutischen Horizont der Typologie :$bder Antitypos als Prinzip ambrosianischer Allegorese. 773 0 $tChristologie der Liturgie.$dFreiburg ; Basel ; Wien : Herder, 1995.$kQuaestiones disputatae $z3-451-02159-5$w()45332 996 $6245$aZum hermeneutischen Horizont der Typologie :$bder Antitypos als Prinzip ambrosianischer Allegorese$9(OLS)http://semarc/title/371496